00362pab a2200133 454500008004000000100002000040245006300060260000900123300001200132362000800144650001800152650001500170773004300185180718b2001 xxu||||| |||| 00| 0 eng d aSinha, Jai B.P. aMatching leadership roles with the nature of organisations c2001 ap.80-92 aJul aOrganizations aLeadership aIndian Journal of Industrial Relations